All trains stations in the Isle of Wight - Statistics

General Stats
  • This quiz has been taken 43 times
  • The average score is 6 of 8
Answer Stats
Group Answer % Correct
Island line Ryde Pier Head
93%
Island line Lake
82%
Island line Sandown
82%
Island line Shanklin
82%
Island line Ryde Esplanade
75%
Island line Brading
61%
Island line Ryde St John's Road
57%
Island line Smallbrook Junction
57%
No matching quizzes found
Score Distribution
Percent of People with Each Score
Percentile by Number Answered
Your Score History
You have not taken this quiz